<?xml version="1.0" encoding="UTF-8"?>
<record
    xmlns:xsi="http://www.w3.org/2001/XMLSchema-instance"
    xsi:schemaLocation="http://www.loc.gov/MARC21/slim http://www.loc.gov/standards/marcxml/schema/MARC21slim.xsd"
    xmlns="http://www.loc.gov/MARC21/slim">

  <leader>00509nam a22001817a 4500</leader>
  <controlfield tag="005">20250402160448.0</controlfield>
  <controlfield tag="008">250402b        |||||||| |||| 00| 0 eng d</controlfield>
  <datafield tag="020" ind1=" " ind2=" ">
    <subfield code="a">9789348066268</subfield>
  </datafield>
  <datafield tag="041" ind1=" " ind2=" ">
    <subfield code="a">eng</subfield>
  </datafield>
  <datafield tag="082" ind1=" " ind2=" ">
    <subfield code="a">001.954</subfield>
    <subfield code="b">JAD B22485</subfield>
  </datafield>
  <datafield tag="100" ind1=" " ind2=" ">
    <subfield code="a">Jadhav A</subfield>
    <subfield code="9">181937</subfield>
  </datafield>
  <datafield tag="245" ind1=" " ind2=" ">
    <subfield code="a">Indian Knowledge System:</subfield>
    <subfield code="b">India a Synthesis of Traditions and Modernity</subfield>
  </datafield>
  <datafield tag="260" ind1=" " ind2=" ">
    <subfield code="a">Agra</subfield>
    <subfield code="b">Current Publications</subfield>
    <subfield code="c">2024</subfield>
  </datafield>
  <datafield tag="300" ind1=" " ind2=" ">
    <subfield code="a">632p</subfield>
  </datafield>
  <datafield tag="500" ind1=" " ind2=" ">
    <subfield code="a">Indian Knowledge System</subfield>
  </datafield>
  <datafield tag="700" ind1=" " ind2=" ">
    <subfield code="a">Sisodia S</subfield>
    <subfield code="9">211833</subfield>
  </datafield>
  <datafield tag="942" ind1=" " ind2=" ">
    <subfield code="c">BK</subfield>
  </datafield>
  <datafield tag="999" ind1=" " ind2=" ">
    <subfield code="c">365866</subfield>
    <subfield code="d">365866</subfield>
  </datafield>
  <datafield tag="952" ind1=" " ind2=" ">
    <subfield code="0">0</subfield>
    <subfield code="1">0</subfield>
    <subfield code="2">ddc</subfield>
    <subfield code="4">0</subfield>
    <subfield code="7">0</subfield>
    <subfield code="a">HIMR</subfield>
    <subfield code="b">HIMR</subfield>
    <subfield code="d">2025-01-20</subfield>
    <subfield code="e">Forward Books </subfield>
    <subfield code="g">995.00</subfield>
    <subfield code="i">24325    </subfield>
    <subfield code="l">1</subfield>
    <subfield code="o">001.954 JAD B22485</subfield>
    <subfield code="p">HIMR-BK-22485</subfield>
    <subfield code="r">2026-05-14 11:43:12</subfield>
    <subfield code="s">2025-06-20</subfield>
    <subfield code="t">27</subfield>
    <subfield code="v">726.35</subfield>
    <subfield code="w">2025-01-18</subfield>
    <subfield code="y">BK</subfield>
    <subfield code="z">B22485</subfield>
  </datafield>
</record>
